000 00339nam a2200145Ia 4500
005 20251222144834.0
008 251222s9999||||xx |||||||||||||| ||spa||
020 _a38966390597
082 _a759.3/D75
100 _aDiener-Ojeda, Pablo
245 0 _aRugendas 1802-1858
250 _a1ra.ed.
264 _bEdiciones Wibner
942 _cLIB
999 _c20962
_d20962